|
|
|
|
| LEADER |
01000caa a2200265 c 4500 |
| 001 |
1007289716 |
| 003 |
DE-627 |
| 005 |
20220228180938.0 |
| 007 |
tu |
| 008 |
171206s2010 xx ||||| 00| ||ger c |
| 035 |
|
|
|a (DE-627)1007289716
|
| 035 |
|
|
|a (DE-599)GBV1007289716
|
| 040 |
|
|
|a DE-627
|b ger
|c DE-627
|e rda
|
| 041 |
|
|
|a ger
|
| 100 |
1 |
|
|a Conze, Eckart
|e verfasserin
|4 aut
|
| 245 |
1 |
0 |
|a Adel und Moderne in Ostmitteleuropa
|b Überlegungen zur Systematisierung eines adelshistorischen Feldes zwischen Region, Nation und Europa
|c Eckart Conze
|
| 264 |
|
1 |
|c 2010
|
| 336 |
|
|
|a Text
|b txt
|2 rdacontent
|
| 337 |
|
|
|a ohne Hilfsmittel zu benutzen
|b n
|2 rdamedia
|
| 338 |
|
|
|a Band
|b nc
|2 rdacarrier
|
| 689 |
0 |
0 |
|D g
|0 (DE-588)4075753-5
|0 (DE-627)106085085
|0 (DE-576)209199350
|a Ostmitteleuropa
|2 gnd
|
| 689 |
0 |
1 |
|D s
|0 (DE-588)4000464-8
|0 (DE-627)106401114
|0 (DE-576)208838163
|a Adel
|2 gnd
|
| 689 |
0 |
|
|5 (DE-627)
|
| 773 |
0 |
8 |
|i Enthalten in
|t Adel in Schlesien ; Bd. 1: Herrschaft - Kultur - Selbstdarstellung
|d München : Oldenbourg, 2010
|g (2010), Seite 305-318
|h 587 S.
|w (DE-627)614907780
|w (DE-576)9614907789
|z 9783486588774
|7 nnam
|
| 773 |
1 |
8 |
|g year:2010
|g pages:305-318
|
| 912 |
|
|
|a GBV_USEFLAG_U
|
| 912 |
|
|
|a GBV_ILN_22
|
| 912 |
|
|
|a ISIL_DE-18
|
| 912 |
|
|
|a SYSFLAG_1
|
| 912 |
|
|
|a GBV_KXP
|
| 912 |
|
|
|a GBV_ILN_11
|
| 912 |
|
|
|a GBV_ILN_21
|
| 912 |
|
|
|a GBV_ILN_24
|
| 912 |
|
|
|a GBV_ILN_31
|
| 912 |
|
|
|a GBV_ILN_39
|
| 912 |
|
|
|a GBV_ILN_40
|
| 912 |
|
|
|a GBV_ILN_50
|
| 912 |
|
|
|a GBV_ILN_60
|
| 912 |
|
|
|a GBV_ILN_61
|
| 912 |
|
|
|a GBV_ILN_62
|
| 912 |
|
|
|a GBV_ILN_65
|
| 912 |
|
|
|a GBV_ILN_69
|
| 912 |
|
|
|a GBV_ILN_70
|
| 912 |
|
|
|a GBV_ILN_72
|
| 912 |
|
|
|a GBV_ILN_120
|
| 912 |
|
|
|a GBV_ILN_121
|
| 912 |
|
|
|a GBV_ILN_123
|
| 912 |
|
|
|a GBV_ILN_130
|
| 912 |
|
|
|a GBV_ILN_181
|
| 912 |
|
|
|a GBV_ILN_205
|
| 912 |
|
|
|a GBV_ILN_216
|
| 912 |
|
|
|a GBV_ILN_227
|
| 912 |
|
|
|a GBV_ILN_244
|
| 912 |
|
|
|a GBV_ILN_285
|
| 912 |
|
|
|a GBV_ILN_350
|
| 912 |
|
|
|a GBV_ILN_655
|
| 912 |
|
|
|a GBV_ILN_2562
|
| 912 |
|
|
|a GBV_ILN_22_i30908
|
| 912 |
|
|
|a GBV_ILN_50
|
| 912 |
|
|
|a ISIL_DE-23
|
| 912 |
|
|
|a GBV_ILN_350
|
| 912 |
|
|
|a ISIL_DE-2795
|
| 912 |
|
|
|a GBV_ILN_350_
|
| 912 |
|
|
|a GBV_ILN_655
|
| 912 |
|
|
|a ISIL_DE-2840
|
| 912 |
|
|
|a GBV_ILN_2562
|
| 912 |
|
|
|a ISIL_DE-D123
|
| 951 |
|
|
|a AR
|
| 952 |
|
|
|j 2010
|h 305-318
|
| 980 |
|
|
|2 22
|1 01
|x 0018
|b 4248883147
|y xi30908
|z 17-01-23
|
| 980 |
|
|
|2 50
|1 01
|x 0023
|b 1727827414
|h Aufsatzdoku
|y x
|z 06-12-17
|
| 980 |
|
|
|2 350
|1 01
|x 8293
|b 1792089120
|c 00
|f MAG2
|d Hm 205 -36
|e i
|j --%%--
|y z
|z 08-08-18
|
| 980 |
|
|
|2 655
|1 01
|x 4655
|b 4366603268
|y x
|z 16-08-23
|
| 980 |
|
|
|2 2562
|1 01
|x DE-D123
|b 4508494862
|c 00
|f --%%--
|d --%%--
|e --%%--
|j --%%--
|y l01
|z 08-04-24
|
| 995 |
|
|
|2 50
|1 01
|x 0023
|a Aufsatzdoku
|